Pays les plus visités par les canadiens - Statistiques

Statistiques générales
  • Ce quiz a été pris 19 921 fois
  • Le résultat moyen est 8 sur 10
Statistiques - réponses
Milliers Pays % Correct
1 140 France
100%
20 702 Etats-Unis
99%
1 926 Mexique
96%
399 Espagne
95%
1 192 Royaume-Uni
92%
469 Italie
87%
574 Allemagne
84%
723 Chine
82%
800 Cuba
54%
487 République dominicaine
29%
Aucun quiz correspondant
Distribution des résultats
% des personnes avec chaque résultat
Percentile par nombre de réponses
Votre historique - résultats
Vous n’avez pas pris ce quiz